000 00974cam a2200337 a 4500
001 988636
003 OSt
005 20210421083854.0
008 860528s1987 paua b 001 0 eng c
010 _a 86013855
020 _a0721618553
040 _aDNLM/DLC
_cDLC
_dDLC
050 0 0 _aRD734
_b.M34 1987
060 _aWE 168 M1919o
080 _a617.3
_bM-17
082 0 0 _a617/.3
_219
100 1 _aMagee, David J.
245 1 0 _aOrthopedic physical assessment /
_cDavid J. Magee.
260 _aPhiladelphia :
_bSaunders,
_c1987.
300 _a423 p. :
_bill. ;
_c28 cm.
504 _aIncludes bibliographies and index.
650 0 _aOrthopedics
_xDiagnosis.
650 0 _aPhysical diagnosis.
650 0 _aPhysical orthopedic tests.
650 2 _aBone Diseases
_xdiagnosis.
650 2 _aJoint Diseases
_xdiagnosis.
650 2 _aOrthopedics.
653 _aორთოპედია
906 _a7
_bcbc
_corignew
_d1
_eocip
_f19
_gy-gencatlg
942 _2udc
_cBK
999 _c732
_d732